|
|
|
|
| LEADER |
00000nab#a22000007a#4500 |
| 001 |
arbauad006692 |
| 003 |
AR-BaUAD |
| 005 |
20250711110804.0 |
| 008 |
941110|||||||||###||||||b###|0###a|spa|| |
| 040 |
|
|
|a AR-BaUAD
|c AR-BaUAD
|b spa
|
| 100 |
|
|
|a Cividino, Hervé
|
| 245 |
|
|
|a Habiter l'hôtel :
|b une démarche innovante de la RIVP /
|c Hervé Cividino;
|
| 300 |
0 |
|
|b cortes, fot., perspec., plantas
|
| 653 |
|
|
|a HOTELES
|
| 653 |
|
|
|a FRANCIA
|
| 653 |
|
|
|a PARIS
|
| 653 |
|
|
|a STINCO, ANTOINE
|
| 653 |
|
|
|a LEVY, JACQUES
|
| 773 |
0 |
|
|t Techniques & Arch.
|g no. 410 [oct.-nov. 1993], p. 70-73
|
| 942 |
|
|
|c ARTI
|
| 952 |
|
|
|0 0
|1 0
|4 0
|7 0
|9 51612
|a AR-BAuAD
|b AR-BAuAD
|d 2025-07-11
|l 0
|p AAQA006692
|r 2025-07-11 11:08:04
|w 2025-07-11
|y ARTI
|
| 990 |
|
|
|a AQ199
|b TD
|
| 998 |
|
|
|a AAQ
|b BIBUN76
|
| 999 |
|
|
|c 31285
|d 31285
|